Biggest Mountain in random countries - Statistics

General Stats
  • This quiz has been taken 20 times
    12 since last reset
  • The average score is 5 of 10
Answer Stats
Hint Answer % Correct
U.S.A Mount Denali/ Mckinley
92%
Japan Mount Fuji
92%
Russia Mount Elbrus
83%
Argentina Mount Aconcagua
67%
Canada Mount Logan
67%
Italy Mont Blanc
33%
Mexico Pico de Orizaba
33%
Tanzania Mount Kilimanjaro
25%
Australia Mount Kosciuszko
25%
Mars (Planet) Olympus Mons
17%
No matching quizzes found
Score Distribution
Percent of People with Each Score
Percentile by Number Answered
Your Score History
You have not taken this quiz since the last reset